Social safety nets in the development of a welfare system in Pakistan: an analysis of the Benazir income support programme (Record no. 114256)

000 -LEADER
fixed length control field 01673pab a2200229 454500
008 - FIXED-LENGTH DATA ELEMENTS--GENERAL INFORMATION
fixed length control field 180718b2017 xxu||||| |||| 00| 0 eng d
100 ## - MAIN ENTRY--PERSONAL NAME
Personal name Mumtaz, Zahid
245 ## - TITLE STATEMENT
Title Social safety nets in the development of a welfare system in Pakistan: an analysis of the Benazir income support programme
260 ## - PUBLICATION, DISTRIBUTION, ETC.
Date of publication, distribution, etc. 2017
300 ## - PHYSICAL DESCRIPTION
Extent p.16-38.
362 ## - DATES OF PUBLICATION AND/OR SEQUENTIAL DESIGNATION
Dates of publication and/or sequential designation Mar
520 ## - SUMMARY, ETC.
Summary, etc. This article analyses the Benazir Income Support Programme as an ongoing social safety net programme in Pakistan aimed at reducing poverty and improving education and health outcomes at the programme and national levels. Social safety nets in a lower middle income country such as Pakistan are considered an effective measure for combating poverty and improving education and health. In Pakistan, however, domestic fiscal constraints limit the coverage of social safety net programmes. Also, the limited cash transfers that households receive through these programmes force them to utilise the transfers largely for immediate living consumption, leaving little for spending on improving education and health. Increased financing of social safety nets not only will increase the coverage of the programmes, but will also be valuable in improving education and health outcomes, which are essential for developing an effective and sustainable welfare system in Pakistan.
650 ## - SUBJECT ADDED ENTRY--TOPICAL TERM
Topical term or geographic name entry element Poverty - Pakistan
650 ## - SUBJECT ADDED ENTRY--TOPICAL TERM
Topical term or geographic name entry element Social protection - Pakistan
650 ## - SUBJECT ADDED ENTRY--TOPICAL TERM
Topical term or geographic name entry element Social welfare - Pakistan
650 ## - SUBJECT ADDED ENTRY--TOPICAL TERM
Topical term or geographic name entry element Pakistan - Social policy
650 ## - SUBJECT ADDED ENTRY--TOPICAL TERM
Topical term or geographic name entry element Social policy
650 ## - SUBJECT ADDED ENTRY--TOPICAL TERM
Topical term or geographic name entry element Social welfare
700 ## - ADDED ENTRY--PERSONAL NAME
Personal name Whiteford, Peter
773 ## - HOST ITEM ENTRY
Main entry heading Asia Pacific Journal of Public Administration
909 ## -
-- 114262
Holdings
Withdrawn status Lost status Damaged status Not for loan Permanent Location Current Location Date acquired Serial Enumeration / chronology Barcode Date last seen Price effective from Koha item type
        Indian Institute of Public Administration Indian Institute of Public Administration 2018-07-19 Volume no: 39, Issue no: 1 AR114722 2018-07-19 2018-07-19 Articles

Powered by Koha